Como ganhar uma discussão (mesmo sem ter razão) (Record no. 1861)
[ view plain ]
| 000 -Etiqueta do registo | |
|---|---|
| Valores | 00740nam a2200253 4500 |
| 010 ## - Número ISBN | |
| ISBN | 9789897401985 |
| 021 ## - Número do Depósito Legal | |
| Código do país | Portugal |
| Número | 508798/22 |
| 100 ## - Dados gerais de processamento | |
| Dados gerais | 20250515d2022 m||y0pory50030103ba |
| 101 ## - Língua de publicação | |
| Língua | Português |
| 102 ## - País de publicação | |
| País | Portugal |
| 200 ## - Titulo e menção de responsabilidade | |
| Título próprio | Como ganhar uma discussão (mesmo sem ter razão) |
| Primeira menção de responsabilidade | Arthur Schopenhauer |
| Outras menções de responsabilidade | trad. Fernando D. Antunes |
| 205 ## - Menção da edição | |
| Edição | 1ª edição |
| 210 ## - Publicação | |
| Local de publicação | Porto |
| Nome do editor | Ideias de Ler |
| Data de publicação | 2022 |
| 215 ## - Descrição física | |
| Paginação / Volumes | 94 p. |
| Outras indicações físicas | il. |
| Dimensões | 21 cm |
| 300 ## - Notas gerais | |
| Texto da nota | BMB-Registado |
| 304 ## - Nota relativa ao título | |
| Texto de nota | Tít. orig.: Die kunst recht zu behalten |
| 606 ## - Nome comum usado como assunto | |
| Palavra de ordem | Dialéctica |
| ID Autoridade | 2676 |
| 675 ## - CDU | |
| Notação | 162.6 |
| Edição | BMB |
| Língua | por |
| 700 ## - Autor principal (pessoa individual) | |
| Apelido | Schopenhauer |
| Nome | Arthur |
| Datas | 1788-1860 |
| ID Autoridade | 2677 |
| 702 #1 - Autor secundário (pessoa individual) | |
| Apelido | Antunes, |
| Nome | Fernando Dias |
| Função | Tradutor |
| 801 ## - Fonte de origem | |
| País | PT |
| Agência | BMB |
| Regras de catalogação | RPC |
| 990 ## - Elementos KOHA | |
| Tipo de documento | Livro |
No items available.